Parasitosis animales : tomo iii /
Guardado en:
| Autor Principal: | |
|---|---|
| Formato: | Libro |
| Publicado: |
Buenos Aires :
Eudeba,
1974
|
| Edición: | 3a. ed. |
| Materias: | |
| Etiquetas: |
Agregar Etiqueta
Sin Etiquetas, Sea el primero en etiquetar este registro!
|
| LEADER | 01381nam a22001935a 4500 | ||
|---|---|---|---|
| 001 | CEM.cems017890 | ||
| 005 | 20121112115407.0 | ||
| 008 | 130507s1974##################000#0#####d | ||
| 003 | CEMS | ||
| 082 | 0 | 4 | |a 636.089 |
| 100 | 1 | |a Boero, Juan José | |
| 245 | 1 | 0 | |a Parasitosis animales : |b tomo iii / |c Juan José Boero |
| 250 | |a 3a. ed. | ||
| 260 | |a Buenos Aires : |b Eudeba, |c 1974 | ||
| 300 | |a 240 p. | ||
| 505 | 0 | |a Helmintiasis -- Gastroenteritis verminosa (lombriz, Enteque) -- Ascaridosis porcina -- Ascaridosis aviar -- Ascaridosis equina -- Ascaridosis canina -- Ancylostomiasis (Anquilostomiasis ) -- Estrongilosis equina -- Echinococcosis (Hidatidosis) -- Distomatosis -- Bronquitis verminosa (Metastrongilosis ) -- Trichinosis (Trichinellosis) -- Teniiasis -- Cisticercosis -- Entomología veterinaria -- Acariosis cutánea -- Las garrapatas (Acarina Ixodoidea) -- Pediculosis (Mallophaga y Anoplura) -- Pediculosis humana -- Las pulgas (Suctoria ) -- Myiasis -- Los dípteros hematófagos -- La mosca brava (Stamaxys calcitrans) -- Diptera Muscidoe -- Los hippobáscidos (Diptera Pupipara ) -- Los mosquitos ( Diptera Culicidae) -- Los flebótomos ( Diptera Psychodidae) -- Los polvorines (Diptera Ceratopogonidae) -- Los jejenes ( Diptera Simuliidae) | |
| 653 | |a Parasitología | ||
| 653 | |a Veterinaria | ||
| 859 | |a CEMS |b BIB. CEMS - Agricultura |h 636.089 |i B633a3 |p A1667.12 |t Ej.1 |v III |3 III | ||
